00475nam a22001577a 450000500170000000800410001702000150005804100130007308200140008610000390010024500620013925000200020126000350022130000360025665000250029220231109125733.0231109b |||||||| |||| 00| 0 eng d a0702163708 aEnglish  a346.2 CON aVan der Merwe, S et al. lEnglish  aContract: General Principles / cS Van der Merwe et al.  aSecond Edition  aCape Town : bJUTA Law, c2003 blxviii, 556 pages ; c25,5 cm.  aLegal practice bLaw